[Event "Mistrovstvi CR senioru 2016 nad 60 let"]
[Site "Pelclovo divadlo Rychnov nad K"]
[Date "2016.08.26"]
[Round "7.8"]
[White "Pavlis, Jaromir"]
[Black "Drabek, Miloslav"]
[Result "1/2-1/2"]
[WhiteElo "1903"]
[BlackElo "2078"]
[PlyCount "64"]
[EventDate "2016.08.20"]

1. d4 Nf6 2. Nf3 d6 3. g3 Nbd7 4. Bg2 c6 5. O-O e5 6. dxe5 dxe5 7. c3 Qc7 8.
Bg5 h6 9. Bxf6 Nxf6 10. Qc2 Be7 11. Nbd2 Be6 12. e4 O-O 13. h3 Rfd8 14. Nb3 Rd7
15. Rfd1 Rad8 16. Rxd7 Rxd7 17. Nfd2 Rd8 18. Kh2 Nd7 19. Nf1 a5 20. Rd1 a4 21.
Nc1 Nc5 22. Rxd8+ Qxd8 23. Ne3 g6 24. b4 axb3 25. axb3 Qa8 26. b4 Nd7 27. Bf1
b5 28. h4 Nb6 29. Bh3 Bxh3 30. Kxh3 Qa1 31. Kg2 Na4 32. Ne2 Qb2 1/2-1/2

[Event "Mistrovstvi CR senioru 2016 nad 60 let"]
[Site "Pelclovo divadlo Rychnov nad K"]
[Date "2016.08.26"]
[Round "7.9"]
[White "Wiedermann, Jan"]
[Black "Just, Pavel"]
[Result "0-1"]
[WhiteElo "1779"]
[BlackElo "1971"]
[PlyCount "82"]
[EventDate "2016.08.20"]

1. d4 Nf6 2. c4 e6 3. Nc3 Bb4 4. Bd2 b6 5. a3 Bxc3 6. Bxc3 Bb7 7. b4 d6 8. Nf3
O-O 9. g3 Ne4 10. Bd2 Nd7 11. Bg2 Nxd2 12. Qxd2 Qe7 13. O-O Nf6 14. Qf4 c5 15.
dxc5 dxc5 16. b5 Bxf3 17. Bxf3 Rad8 18. Rad1 Rxd1 19. Rxd1 Rd8 20. Qc1 Kf8 21.
Rd2 h6 22. Qd1 Rxd2 23. Qxd2 Qc7 24. Qd3 Ke7 25. Bc6 Qe5 26. Kg2 Qd4 27. Qxd4
cxd4 28. h3 Kd6 29. Kf3 Kc5 30. e4 Kxc4 31. e5 Nd5 32. Ke2 Nc3+ 33. Kd2 Nxb5
34. Be8 f6 35. exf6 gxf6 36. Bxb5+ Kxb5 37. f4 Kc5 38. g4 Kd6 39. h4 Ke7 40.
Kd3 e5 41. Ke4 b5 0-1

[Event "Mistrovstvi CR senioru 2016 nad 60 let"]
[Site "Pelclovo divadlo Rychnov nad K"]
[Date "2016.08.26"]
[Round "7.10"]
[White "Lorenc, Oldrich"]
[Black "Pokorny, Jan"]
[Result "1-0"]
[WhiteElo "2063"]
[BlackElo "1853"]
[PlyCount "55"]
[EventDate "2016.08.20"]

1. Nf3 Nf6 2. c4 c5 3. Nc3 g6 4. g3 b6 5. Bg2 Bb7 6. O-O Bg7 7. Rb1 O-O 8. d3
Nc6 9. e4 d6 10. Nh4 Nd7 11. f4 Nd4 12. Nd5 e6 13. Ne3 f5 14. Nc2 a5 15. Re1
Qc7 16. Be3 Rae8 17. Bf2 Nxc2 18. Qxc2 Nb8 19. Re2 Rd8 20. Rbe1 Bf6 21. Nf3 d5
22. cxd5 exd5 23. exf5 gxf5 24. d4 Qg7 25. dxc5 d4 26. Rd2 d3 27. Rxd3 bxc5 28.
Bxc5 1-0

[Event "Mistrovstvi CR senioru 2016 nad 60 let"]
[Site "Pelclovo divadlo Rychnov nad K"]
[Date "2016.08.26"]
[Round "7.11"]
[White "Ondrejat, Miroslav"]
[Black "Franc, Lubor"]
[Result "1-0"]
[WhiteElo "2028"]
[BlackElo "1843"]
[PlyCount "105"]
[EventDate "2016.08.20"]

1. c4 Nf6 2. Nc3 g6 3. e4 e5 4. Nf3 d6 5. d4 exd4 6. Nxd4 Bg7 7. f3 Nh5 8. Be3
Nc6 9. Qd2 Qh4+ 10. Bf2 Qf4 11. Ndb5 Qxd2+ 12. Kxd2 Bxc3+ 13. Kxc3 Kd7 14. Rd1
a6 15. Nd4 Nf4 16. g3 Ne6 17. Nxc6 bxc6 18. Bg2 Ke7 19. f4 Bb7 20. f5 Nd8 21.
f6+ Kd7 22. Bh3+ Ne6 23. c5 Rhd8 24. cxd6 cxd6 25. Bb6 Rdc8 26. Bc5 d5 27. Rhe1
Re8 28. Be7 Rac8 29. b4 Ra8 30. Bxe6+ fxe6 31. Bc5 Rf8 32. Bxf8 Rxf8 33. e5 Kc7
34. Kd4 Kb6 35. Rc1 Bc8 36. Rc5 Bd7 37. Rec1 Rf7 38. a4 Be8 39. b5 axb5 40.
axb5 cxb5 41. Rc8 Bd7 42. Rb8+ Ka7 43. Rg8 Kb7 44. Rg7 Be8 45. Rxf7+ Bxf7 46.
Kc5 Kc7 47. Kxb5+ Kd7 48. Kc5 Kc7 49. Ra1 Kd7 50. Ra7+ Ke8 51. Kd6 Bg8 52. Ra8+
Kf7 53. Rxg8 1-0

[Event "Mistrovstvi CR senioru 2016 nad 60 let"]
[Site "Pelclovo divadlo Rychnov nad K"]
[Date "2016.08.26"]
[Round "7.13"]
[White "Divis, Libor"]
[Black "Trojan, Lubos"]
[Result "0-1"]
[WhiteElo "1880"]
[BlackElo "1989"]
[PlyCount "102"]
[EventDate "2016.08.20"]

1. e4 e6 2. d4 d5 3. e5 c5 4. Bb5+ Bd7 5. Bxd7+ Nxd7 6. c3 Ne7 7. Ne2 Nc6 8.
O-O Qb6 9. b3 Be7 10. Bb2 O-O 11. Nd2 cxd4 12. cxd4 Rac8 13. Nf3 Rc7 14. Nc3
Rfc8 15. Qe2 a6 16. Na4 Qa7 17. Rfd1 b5 18. Nc3 Na5 19. Nb1 Rc2 20. Rd2 R2c6
21. Na3 Qc7 22. Rad1 Nb7 23. Rd3 Qa5 24. b4 Qxb4 25. Ne1 Qa5 26. Qh5 Nf8 27.
Rf3 Nd8 28. Rg3 b4 29. Nac2 Rxc2 30. Nxc2 Qxa2 31. Nxb4 Qxb2 32. Nxd5 Qb7 33.
Nf6+ Kh8 34. Ne8 Ng6 35. Rh3 Nf8 36. Nf6 gxf6 37. exf6 Bxf6 38. Rf3 Bg7 39. h4
Qe7 40. Qg4 f5 41. Qh3 Ng6 42. Ra3 Nc6 43. Ra4 a5 44. d5 Nce5 45. d6 Qd7 46.
Rxa5 Nc4 47. Ra6 Be5 48. h5 Nf4 49. Qh4 Nxd6 50. h6 Ng6 51. Raxd6 Qxd6 0-1

[Event "Mistrovstvi CR senioru 2016 nad 60 let"]
[Site "Pelclovo divadlo Rychnov nad K"]
[Date "2016.08.26"]
[Round "7.14"]
[White "Lexa, Vaclav"]
[Black "Dolezal, Radoslav"]
[Result "1/2-1/2"]
[WhiteElo "1860"]
[BlackElo "1974"]
[PlyCount "21"]
[EventDate "2016.08.20"]

1. d4 d5 2. c4 c6 3. e3 g6 4. Nc3 Nf6 5. Nf3 Bg7 6. Bd3 O-O 7. e4 dxe4 8. Nxe4
Nxe4 9. Bxe4 Nd7 10. O-O Nf6 11. Bd3 1/2-1/2

[Event "Mistrovstvi CR senioru 2016 nad 60 let"]
[Site "Pelclovo divadlo Rychnov nad K"]
[Date "2016.08.26"]
[Round "7.15"]
[White "Kohout, Jan"]
[Black "Portych, Vaclav"]
[Result "1-0"]
[WhiteElo "1963"]
[BlackElo "1822"]
[PlyCount "33"]
[EventDate "2016.08.20"]

1. e4 c5 2. Nf3 Nc6 3. Bb5 d6 4. O-O Nf6 5. Re1 Bd7 6. c3 g6 7. d4 a6 8. Ba4
cxd4 9. cxd4 b5 10. Bc2 Bg7 11. h3 O-O 12. Nc3 Rc8 13. Bg5 Nb4 14. Bb1 h6 15.
Be3 Qc7 16. Qd2 Kh7 17. Nxb5 1-0

[Event "Mistrovstvi CR senioru 2016 nad 60 let"]
[Site "Pelclovo divadlo Rychnov nad K"]
[Date "2016.08.26"]
[Round "7.16"]
[White "Perik, Alois"]
[Black "Zboril, Jaroslav"]
[Result "1/2-1/2"]
[WhiteElo "1829"]
[BlackElo "1980"]
[PlyCount "37"]
[EventDate "2016.08.20"]

1. c4 e5 2. Nc3 d6 3. g3 Nc6 4. Bg2 g6 5. Nf3 Bg7 6. O-O f5 7. d3 Nf6 8. Bg5
O-O 9. Nd5 Ne7 10. Rc1 c6 11. Nxf6+ Bxf6 12. Bxf6 Rxf6 13. Qc2 c5 14. Nd2 Nc6
15. e3 Qe7 16. Rce1 Bd7 17. f4 h6 18. Qc3 Raf8 19. Bd5+ 1/2-1/2

[Event "Mistrovstvi CR senioru 2016 nad 60 let"]
[Site "Pelclovo divadlo Rychnov nad K"]
[Date "2016.08.26"]
[Round "7.17"]
[White "Vesely, Emanuel"]
[Black "Sveda, Jiri"]
[Result "0-1"]
[WhiteElo "1784"]
[BlackElo "1930"]
[PlyCount "76"]
[EventDate "2016.08.20"]

1. e4 c5 2. Ne2 e6 3. g3 d5 4. Bg2 Nc6 5. O-O Nf6 6. exd5 Nxd5 7. Nbc3 Be7 8.
Nxd5 exd5 9. d4 cxd4 10. Nxd4 O-O 11. Be3 Bf6 12. c3 Ne7 13. Qb3 b6 14. Rad1
Bb7 15. Rd2 Qd7 16. Rfd1 Rfd8 17. Nc2 Bc6 18. Qa3 Nf5 19. Bxd5 Bxd5 20. c4 Qc8
21. cxd5 Nd6 22. Qb3 Nc4 23. Re2 Nxb2 24. Rc1 Qg4 25. Ree1 Rac8 26. Nb4 Qf5 27.
Rxc8 Rxc8 28. Nc6 Re8 29. Rc1 Nd3 30. Rf1 h5 31. Bd4 h4 32. Qd1 Bxd4 33. Nxd4
Qe4 34. Nf3 h3 35. d6 Rd8 36. Ne1 Nxe1 37. f3 Qe3+ 38. Kh1 Nd3 0-1

[Event "Mistrovstvi CR senioru 2016 nad 60 let"]
[Site "Pelclovo divadlo Rychnov nad K"]
[Date "2016.08.26"]
[Round "7.18"]
[White "Novotny, Jaroslav"]
[Black "Sedlacek, Jan"]
[Result "0-1"]
[WhiteElo "1926"]
[BlackElo "1839"]
[PlyCount "108"]
[EventDate "2016.08.20"]

1. Nf3 Nf6 2. b3 g6 3. Bb2 Bg7 4. d4 d5 5. e3 O-O 6. Be2 Nbd7 7. O-O Ne4 8. c4
c6 9. Nbd2 Ndf6 10. Nxe4 Nxe4 11. Ne5 f6 12. Nd3 Re8 13. f3 Nd6 14. cxd5 cxd5
15. f4 Bf5 16. Bf3 Be4 17. Nc5 Bxf3 18. Qxf3 e6 19. Rac1 Qe7 20. Rc2 Rac8 21.
Rfc1 b6 22. Nd3 Rxc2 23. Rxc2 Rc8 24. Rxc8+ Nxc8 25. Qd1 Qc7 26. Qc1 Qxc1+ 27.
Bxc1 Kf7 28. Ba3 Bf8 29. Bxf8 Kxf8 30. Kf2 Ke7 31. g4 Nd6 32. h4 h5 33. g5 Nf5
34. gxf6+ Kxf6 35. a4 Nxh4 36. Ne5 Nf5 37. b4 Nd6 38. Nc6 Nc8 39. b5 g5 40.
fxg5+ Kxg5 41. Kf3 Kf5 42. Kg3 Ke4 43. Kh4 Kxe3 44. Kxh5 e5 45. dxe5 d4 46. e6
d3 47. Ne5 Kd4 48. Nf3+ Kd5 49. Kg5 Kxe6 50. Kf4 Kd5 51. Ke3 Kc4 52. Ke4 Kc3
53. Kd5 d2 54. Nxd2 Kxd2 0-1

[Event "Mistrovstvi CR senioru 2016 nad 60 let"]
[Site "Pelclovo divadlo Rychnov nad K"]
[Date "2016.08.26"]
[Round "7.19"]
[White "Vlachopulos, Georgis"]
[Black "Tsapanidis, Vasilis"]
[Result "1/2-1/2"]
[WhiteElo "1908"]
[BlackElo "1817"]
[PlyCount "36"]
[EventDate "2016.08.20"]

1. e4 g6 2. d4 Bg7 3. Nf3 d6 4. Bc4 Nf6 5. Nc3 O-O 6. Bg5 c6 7. Qd2 Nxe4 8.
Bxf7+ Rxf7 9. Nxe4 Bf5 10. Ng3 Nd7 11. Nxf5 Rxf5 12. O-O Qf8 13. Qe3 e5 14.
dxe5 Nxe5 15. Nd4 Nc4 16. Qd3 Bxd4 17. Qxc4+ d5 18. Qxd4 Rxg5 1/2-1/2

[Event "Mistrovstvi CR senioru 2016 nad 60 let"]
[Site "Pelclovo divadlo Rychnov nad K"]
[Date "2016.08.26"]
[Round "7.20"]
[White "Kindl, Frantisek"]
[Black "Jirasek, Jiri"]
[Result "1/2-1/2"]
[WhiteElo "1760"]
[BlackElo "1899"]
[PlyCount "77"]
[EventDate "2016.08.20"]

1. c4 Nf6 2. Nc3 e6 3. g3 d5 4. cxd5 exd5 5. Bg2 c6 6. Nf3 d4 7. Nb1 g6 8. O-O
Bg7 9. d3 O-O 10. Nbd2 Na6 11. a3 Nd5 12. Re1 Re8 13. Qc2 Be6 14. Ne4 h6 15.
Nc5 Nxc5 16. Qxc5 Qb6 17. Qxb6 Nxb6 18. Bf4 Bd5 19. Nd2 Bxg2 20. Kxg2 g5 21.
Bd6 Re6 22. Bb4 a5 23. Bc5 Na4 24. Nb3 Rd8 25. Ba7 Re5 26. Rab1 b6 27. Rec1 Re7
28. Bxb6 Rxe2 29. Rxc6 Rxb2 30. Rxb2 Nxb2 31. Nc5 Rd5 32. a4 Kh7 33. Kf3 Re5
34. g4 f5 35. h3 f4 36. Kg2 Rd5 37. Kf3 Re5 38. Kg2 Rd5 39. Kf3 1/2-1/2

[Event "Mistrovstvi CR senioru 2016 nad 70 let"]
[Site "Pelclovo divadlo Rychnov nad K"]
[Date "2016.08.26"]
[Round "7.1"]
[White "Mesiarik, Rudolf"]
[Black "Jacek, Miloslav"]
[Result "1/2-1/2"]
[WhiteElo "2092"]
[BlackElo "1977"]
[PlyCount "25"]
[EventDate "2016.08.20"]

1. e4 d5 2. exd5 Qxd5 3. Nc3 Qd6 4. d4 Nf6 5. Nf3 Bg4 6. Be2 a6 7. O-O e6 8.
Bg5 Be7 9. Bxf6 Bxf6 10. Ne4 Qd8 11. Nxf6+ Qxf6 12. h3 Bh5 13. c4 1/2-1/2

[Event "Mistrovstvi CR senioru 2016 nad 70 let"]
[Site "Pelclovo divadlo Rychnov nad K"]
[Date "2016.08.26"]
[Round "7.2"]
[White "Haderka, Karel"]
[Black "Chmelik, Jiri"]
[Result "0-1"]
[WhiteElo "1803"]
[BlackElo "2013"]
[PlyCount "50"]
[EventDate "2016.08.20"]

1. c4 e5 2. Nc3 Nc6 3. g3 Nf6 4. Bg2 Bb4 5. e3 Bxc3 6. dxc3 d6 7. Ne2 O-O 8.
O-O Be6 9. b3 Qc8 10. Ba3 Bh3 11. f3 Bxg2 12. Kxg2 b6 13. e4 Qe6 14. Qd2 a5 15.
g4 Ne7 16. h4 a4 17. Kg3 axb3 18. axb3 Ra7 19. Bb2 Rfa8 20. Rxa7 Rxa7 21. Ra1
Rxa1 22. Bxa1 Qxg4+ 23. fxg4 Nxe4+ 24. Kg2 Nxd2 25. Nc1 f5 0-1

[Event "Mistrovstvi CR senioru 2016 nad 70 let"]
[Site "Pelclovo divadlo Rychnov nad K"]
[Date "2016.08.26"]
[Round "7.3"]
[White "Tejkal, Jiri"]
[Black "Pecka, Frantisek"]
[Result "0-1"]
[WhiteElo "1910"]
[BlackElo "2057"]
[PlyCount "70"]
[EventDate "2016.08.20"]

1. d4 d5 2. Nf3 Nf6 3. c4 e6 4. cxd5 exd5 5. Bg5 c6 6. Nc3 Be7 7. e3 h6 8. Bf4
Bf5 9. Be2 Nbd7 10. O-O O-O 11. Ne5 Nxe5 12. Bxe5 Bd6 13. Bxd6 Qxd6 14. a3 Rfe8
15. b4 a6 16. Na4 Ne4 17. Rc1 b5 18. Nb2 a5 19. Nd3 axb4 20. axb4 Ra3 21. Ne5
Nc3 22. Qd2 Nxe2+ 23. Qxe2 f6 24. Qb2 Ra6 25. Nf3 Ra4 26. Qc3 Rxb4 27. Qa3 Rd8
28. Rxc6 Qxc6 29. Qxb4 Qc4 30. Qa5 Rc8 31. Nh4 Bd3 32. Re1 Qc3 33. Qxc3 Rxc3
34. Nf3 b4 35. Nd2 b3 0-1

[Event "Mistrovstvi CR senioru 2016 nad 70 let"]
[Site "Pelclovo divadlo Rychnov nad K"]
[Date "2016.08.26"]
[Round "7.4"]
[White "Truksa, Vaclav"]
[Black "Most, Zdenek"]
[Result "1/2-1/2"]
[WhiteElo "1883"]
[BlackElo "2038"]
[PlyCount "39"]
[EventDate "2016.08.20"]

1. d4 c5 2. dxc5 Nf6 3. c4 Qa5+ 4. Nc3 Qxc5 5. e3 g6 6. Nf3 Bg7 7. Be2 O-O 8.
O-O d6 9. b3 Qa5 10. Bd2 Qd8 11. Rc1 Nc6 12. Bd3 Bg4 13. h3 Bd7 14. Ne2 a6 15.
Bc3 Rc8 16. Qd2 Qc7 17. Qb2 Rb8 18. Rfd1 b6 19. Nf4 Qd8 20. Nd5 1/2-1/2

[Event "Mistrovstvi CR senioru 2016 nad 70 let"]
[Site "Pelclovo divadlo Rychnov nad K"]
[Date "2016.08.26"]
[Round "7.6"]
[White "Vitek, Vaclav"]
[Black "Fiser, Jiri"]
[Result "1/2-1/2"]
[WhiteElo "2035"]
[BlackElo "1952"]
[PlyCount "83"]
[EventDate "2016.08.20"]

1. d4 Nf6 2. Bf4 d5 3. e3 e6 4. Nd2 Be7 5. Bd3 b6 6. Qe2 Bb7 7. Ngf3 Nbd7 8.
Ne5 O-O 9. O-O Ne4 10. f3 Nxd2 11. Qxd2 Bd6 12. Nxd7 Qxd7 13. Bg3 Rfd8 14. c3
c5 15. Rad1 Bxg3 16. hxg3 Qd6 17. Kf2 e5 18. dxe5 Qxe5 19. Rh1 h6 20. g4 Rd6
21. Rh5 g5 22. f4 Qg7 23. g3 Re8 24. Bf5 Bc8 25. e4 Bxf5 26. gxf5 f6 27. Rdh1
Kh7 28. fxg5 fxg5 29. Rxg5 Qf8 30. Rg4 dxe4 31. Qf4 e3+ 32. Ke1 e2 33. Kf2 Rf6
34. Ke1 Qd6 35. Qxd6 Rxd6 36. Kf2 Rd2 37. Re1 Rxb2 38. a4 Ra2 39. f6 Rf8 40.
Rg7+ Kh8 41. Rg6 Kh7 42. Rg7+ 1/2-1/2

[Event "Mistrovstvi CR senioru 2016 nad 70 let"]
[Site "Pelclovo divadlo Rychnov nad K"]
[Date "2016.08.26"]
[Round "7.7"]
[White "Skokan, Zdenek"]
[Black "Matoulek, Jaroslav"]
[Result "1/2-1/2"]
[WhiteElo "1967"]
[BlackElo "1616"]
[PlyCount "66"]
[EventDate "2016.08.20"]

1. d4 d5 2. Nc3 Nf6 3. Bg5 e6 4. f3 Be7 5. e4 dxe4 6. fxe4 c6 7. Nf3 h6 8. Bd2
Nbd7 9. Bd3 b5 10. Ne2 a5 11. O-O Ba6 12. c3 Qc7 13. Bf4 Qb7 14. Qc2 Nh5 15.
Be3 Qc7 16. e5 g5 17. Nd2 Qa7 18. Bf2 Qc7 19. Ne4 O-O-O 20. a4 f5 21. Nd6+ Bxd6
22. exd6 Qxd6 23. axb5 Bxb5 24. Bxb5 cxb5 25. Rxa5 Qc6 26. Rfa1 Nf4 27. Nxf4
gxf4 28. d5 Qxd5 29. Ra8+ Nb8 30. Bd4 Rhg8 31. R1a7 Rd7 32. Rxd7 Kxd7 33. Ra7+
Kd6 1/2-1/2

[Event "Mistrovstvi CR senioru 2016 nad 70 let"]
[Site "Pelclovo divadlo Rychnov nad K"]
[Date "2016.08.26"]
[Round "7.9"]
[White "Folta, Jaroslav"]
[Black "Tolar, Jan"]
[Result "1/2-1/2"]
[WhiteElo "1767"]
[BlackElo "1815"]
[PlyCount "56"]
[EventDate "2016.08.20"]

1. d4 e6 2. Nf3 f5 3. Nc3 Nf6 4. Bg5 Be7 5. e3 b6 6. Bd3 Bb7 7. O-O O-O 8. Bxf6
Bxf6 9. e4 fxe4 10. Bxe4 Bxe4 11. Nxe4 d6 12. c3 Nd7 13. Qb3 Qe8 14. Rae1 d5
15. Ng3 c5 16. Re2 Qf7 17. a4 Rfe8 18. Rfe1 c4 19. Qc2 g6 20. Qd2 Rab8 21. Qh6
Bg7 22. Qh3 Nf8 23. Ng5 Qd7 24. Nxe6 Nxe6 25. Rxe6 Qxa4 26. Rxe8+ Rxe8 27.
Rxe8+ Qxe8 28. Nf1 a5 1/2-1/2

[Event "Mistrovstvi CR senioru 2016 nad 70 let"]
[Site "Pelclovo divadlo Rychnov nad K"]
[Date "2016.08.26"]
[Round "7.10"]
[White "Biza, Miroslav"]
[Black "Laska, Zdenek"]
[Result "0-1"]
[WhiteElo "1659"]
[BlackElo "1869"]
[PlyCount "126"]
[EventDate "2016.08.20"]

1. d4 Nf6 2. Bf4 g6 3. Nc3 c6 4. e4 d6 5. Qd2 Bg7 6. Bh6 O-O 7. Be2 Nbd7 8. h4
e5 9. O-O-O b5 10. Bxg7 Kxg7 11. dxe5 dxe5 12. Bf3 Qa5 13. Kb1 Nc5 14. Qe3 b4
15. Nce2 Be6 16. Nc1 Rad8 17. Nge2 Qb5 18. h5 Rxd1 19. Rxd1 a5 20. Rh1 a4 21.
hxg6 fxg6 22. Qh6+ Kg8 23. g4 Qb7 24. Qe3 Qb5 25. g5 Ng4 26. Bxg4 Bxg4 27. Nd3
Ne6 28. Rg1 Bxe2 29. Qxe2 b3 30. c3 bxa2+ 31. Kxa2 Qb3+ 32. Ka1 Nf4 33. Nxf4
Rxf4 34. Qd2 a3 35. bxa3 Qxa3+ 36. Kb1 Rf8 37. Qa2+ Qxa2+ 38. Kxa2 Rxf2+ 39.
Kb3 Rf4 40. Re1 h6 41. gxh6 Kh7 42. Re3 Kxh6 43. Kc4 g5 44. Kc5 Rf6 45. Rh3+
Kg6 46. Rh8 Re6 47. c4 g4 48. Rg8+ Kh5 49. Kb6 Rg6 50. Re8 g3 51. Rxe5+ Kg4 52.
Ra5 Kf4 53. e5 Kf5 54. e6+ Kxe6 55. Kxc6 Ke7+ 56. Kc7 Rg4 57. Re5+ Kf6 58. Re3
Rxc4+ 59. Kd6 Rg4 60. Rf3+ Kg5 61. Rf1 g2 62. Rg1 Kf4 63. Kd5 Kf3 0-1

[Event "Mistrovstvi CR senioru 2016 nad 70 let"]
[Site "Pelclovo divadlo Rychnov nad K"]
[Date "2016.08.26"]
[Round "7.11"]
[White "Laszkiewicz, Jerzy"]
[Black "Mutina, Antonin"]
[Result "0-1"]
[WhiteElo "1941"]
[BlackElo "1784"]
[PlyCount "86"]
[EventDate "2016.08.20"]

1. e4 c6 2. d4 d5 3. exd5 cxd5 4. Bd3 Nc6 5. c3 Nf6 6. Bg5 Ne4 7. Bf4 Bf5 8. f3
Nd6 9. Bxd6 Bxd3 10. Qxd3 Qxd6 11. Ne2 g6 12. O-O Bg7 13. Nd2 O-O 14. f4 e6 15.
Nf3 b5 16. Ne5 Rab8 17. Rfc1 Rfc8 18. Nxc6 Rxc6 19. g3 a6 20. Kg2 Rbc8 21. a3
Qb8 22. h3 Bf8 23. b4 Qb6 24. Rcb1 Rc4 25. a4 bxa4 26. Rxa4 Be7 27. Rba1 Ra8
28. R1a2 Bd8 29. R4a3 Qb7 30. Nc1 Rac8 31. Ne2 R8c6 32. Qd1 Qb5 33. Qa1 Kg7 34.
Rxa6 Rxa6 35. Rxa6 Rc8 36. Ra2 Qd3 37. Qf1 Qe4+ 38. Qf3 Qb1 39. Ra7 Bb6 40. Ra6
Bc7 41. g4 Qc2 42. Qe3 Bxf4 43. Qf3 Rxc3 0-1

[Event "Mistrovstvi CR senioru 2016 nad 70 let"]
[Site "Pelclovo divadlo Rychnov nad K"]
[Date "2016.08.26"]
[Round "7.12"]
[White "Zikmund, Jaroslav"]
[Black "Vlasak, Ladislav"]
[Result "1/2-1/2"]
[WhiteElo "1830"]
[BlackElo "1756"]
[PlyCount "82"]
[EventDate "2016.08.20"]

1. d4 Nf6 2. c4 g6 3. Nf3 Bg7 4. Nc3 O-O 5. g3 d6 6. Bg2 c6 7. e4 Qa5 8. O-O
Qh5 9. Qb3 Na6 10. Ne2 Qa5 11. Bd2 Qb6 12. Qxb6 axb6 13. e5 dxe5 14. Nxe5 Ng4
15. Bc3 Nxe5 16. dxe5 Be6 17. b3 Rfd8 18. Rfd1 Nc5 19. f4 Rxd1+ 20. Rxd1 Rxa2
21. Rd8+ Bf8 22. Nd4 h5 23. b4 Na4 24. Nxe6 fxe6 25. Bd4 c5 26. bxc5 bxc5 27.
Be3 b6 28. Ra8 Kf7 29. Bc6 Nc3 30. Rxa2 Nxa2 31. Bd2 Bh6 32. Kf2 Nb4 33. Be4
Bg7 34. h4 Na6 35. Ke2 Bh6 36. Kd1 Bg7 37. Kc2 Bh6 38. Kb3 Bg7 39. Kc3 Bh6 40.
Bb7 Nc7 41. Kd3 Bg7 1/2-1/2

[Event "Mistrovstvi CR senioru 2016 nad 50 let"]
[Site "Pelclovo divadlo Rychnov nad K"]
[Date "2016.08.27"]
[Round "8.1"]
[White "Sabol, Marian"]
[Black "Elias, Miroslav"]
[Result "1-0"]
[WhiteElo "2337"]
[BlackElo "2047"]
[PlyCount "101"]
[EventDate "2016.08.20"]

1. d4 Nf6 2. Bg5 c5 3. Bxf6 gxf6 4. d5 Qb6 5. Qc1 f5 6. c4 Na6 7. e3 Bg7 8. Nc3
h5 9. h4 e5 10. Bd3 Qf6 11. g3 d6 12. Nge2 Bd7 13. a3 O-O 14. f4 e4 15. Bc2 Nc7
16. a4 Na6 17. Qd2 Nb4 18. Bd1 Nd3+ 19. Kf1 Qg6 20. Nc1 Nb4 21. Qe2 Kh7 22.
Qxh5+ Qxh5 23. Bxh5 Nc2 24. Rb1 Nxe3+ 25. Kf2 Nxc4 26. N1a2 Bd4+ 27. Kg2 b5 28.
axb5 a6 29. bxa6 Rxa6 30. Be2 Ne3+ 31. Kh3 Rb6 32. b3 Rfb8 33. Bc4 f6 34. Rbc1
Kh6 35. Ne2 Ng4 36. Rhf1 Bb5 37. b4 Bxc4 38. Rxc4 Ne3 39. Rfc1 Nxc4 40. Rxc4
Ra8 41. Nac1 Ra4 42. bxc5 Rxc4 43. cxb6 Bxb6 44. g4 Be3 45. Nb3 Rc2 46. Ng3 Rc3
47. Nxf5+ Kh7 48. Na1 Bxf4+ 49. Kg2 Ra3 50. Nc2 Rg3+ 51. Nxg3 1-0

[Event "Mistrovstvi CR senioru 2016 nad 50 let"]
[Site "Pelclovo divadlo Rychnov nad K"]
[Date "2016.08.27"]
[Round "8.2"]
[White "Urban, Zdenek"]
[Black "Humlicek, Vojtech"]
[Result "1-0"]
[WhiteElo "2153"]
[BlackElo "1963"]
[PlyCount "0"]
[EventDate "2016.08.20"]
[PlyCount "57"]

1. c4 Nf6 2. Nc3 d6 3. g3 g6 4. d4 Bg7 5. Bg2 O-O 6. e4 e5 7. Nge2 Nc6 8. d5
Ne7 9. h3 Ne8 10. Be3 f5 11. Qd2 a6 12. Bh6 Nf6 13. O-O Rf7 14. Bxg7 Kxg7 15.
f4 exf4 16. Nxf4 Nxe4 17. Nxe4 fxe4 18. g4 Kg8 19. Ne6 Bxe6 20. dxe6 Rg7 21.
Bxe4 c6 22. Kh1 Qc7 23. Qf4 Rd8 24. Rf2 Nc8 25. Raf1 Qe7 26. g5 Nb6 27. c5 d5
28. Qe5 Qc7 29. Qd4 1-0

[Event "Mistrovstvi CR senioru 2016 nad 50 let"]
[Site "Pelclovo divadlo Rychnov nad K"]
[Date "2016.08.27"]
[Round "8.3"]
[White "Kozak, Milos"]
[Black "Bartos, Jan"]
[Result "1/2-1/2"]
[WhiteElo "2145"]
[BlackElo "2156"]
[PlyCount "0"]
[EventDate "2016.08.20"]
[PlyCount "20"]

1. d4 Nf6 2. c4 e6 3. Nf3 b6 4. g3 Bb7 5. Bg2 Be7 6. Nc3 Ne4 7. Nxe4 Bxe4 8.
O-O O-O 9. Ne1 Bxg2 10. Nxg2 d5 1/2-1/2

[Event "Mistrovstvi CR senioru 2016 nad 50 let"]
[Site "Pelclovo divadlo Rychnov nad K"]
[Date "2016.08.27"]
[Round "8.4"]
[White "Mohapl, Petr"]
[Black "Petras, Milan"]
[Result "1-0"]
[WhiteElo "2098"]
[BlackElo "1963"]
[PlyCount "55"]
[EventDate "2016.08.20"]

1. d4 e6 2. c4 d5 3. Nc3 Nf6 4. Bg5 Be7 5. e3 O-O 6. Nf3 h6 7. Bh4 b6 8. cxd5
Nxd5 9. Bxe7 Qxe7 10. Nxd5 exd5 11. Bd3 Be6 12. Rc1 Rc8 13. O-O c5 14. e4 Nd7
15. Re1 Nf6 16. exd5 Nxd5 17. dxc5 bxc5 18. Be4 Qd6 19. Rc2 Rd8 20. Rd2 f5 21.
Bxd5 Bxd5 22. Re5 Bxf3 23. Qb3+ c4 24. Qxc4+ Bd5 25. Rexd5 Qe7 26. Rxd8+ Kh7
27. Rxa8 Qe1+ 28. Qf1 1-0

[Event "Mistrovstvi CR senioru 2016 nad 50 let"]
[Site "Pelclovo divadlo Rychnov nad K"]
[Date "2016.08.27"]
[Round "8.5"]
[White "Fiedler, Bedrich"]
[Black "Stuchly, Jaroslav"]
[Result "0-1"]
[WhiteElo "2114"]
[BlackElo "1871"]
[PlyCount "0"]
[EventDate "2016.08.20"]
[PlyCount "52"]

1. c4 e5 2. g3 Nf6 3. Bg2 d5 4. cxd5 Nxd5 5. Nc3 Nxc3 6. bxc3 Bc5 7. Nf3 Nd7 8.
O-O O-O 9. d4 exd4 10. cxd4 Bb6 11. Bb2 Nf6 12. Ne5 c6 13. e4 Be6 14. Kh1 Qc8
15. Qe2 Bh3 16. a4 Bxg2+ 17. Kxg2 Qd8 18. Rfd1 Re8 19. f3 Nd7 20. Nc4 Bc7 21.
Ne3 Qg5 22. Rac1 Nf6 23. Qf2 h5 24. Rc5 Qg6 25. h4 Nxe4 26. fxe4 Qxe4+ 0-1

[Event "Mistrovstvi CR senioru 2016 nad 50 let"]
[Site "Pelclovo divadlo Rychnov nad K"]
[Date "2016.08.27"]
[Round "8.6"]
[White "Marinov, Peter"]
[Black "Siebenburger, Vlastimil"]
[Result "0-1"]
[WhiteElo "1763"]
[BlackElo "2068"]
[PlyCount "0"]
[EventDate "2016.08.20"]
[PlyCount "52"]

1. d4 d5 2. e3 Nf6 3. Bd3 c5 4. c3 Nc6 5. f4 Bg4 6. Nf3 Ne4 7. O-O e6 8. Qe1
Bxf3 9. Rxf3 Bd6 10. Nd2 f5 11. Bc2 Qc7 12. dxc5 Bxc5 13. Nb3 Bb6 14. Nd4 Bxd4
15. exd4 Nxd4 16. Bxe4 fxe4 17. Rf2 Nf5 18. Be3 O-O 19. b3 Rac8 20. Rc1 Nxe3
21. Qxe3 Qc5 22. Qxc5 Rxc5 23. g3 g6 24. Re2 Rfc8 25. c4 b5 26. a4 bxa4 0-1

[Event "Mistrovstvi CR senioru 2016 nad 50 let"]
[Site "Pelclovo divadlo Rychnov nad K"]
[Date "2016.08.27"]
[Round "8.7"]
[White "Korinkova, Eva"]
[Black "Pociejowski, Marek"]
[Result "1/2-1/2"]
[WhiteElo "1740"]
[BlackElo "1851"]
[PlyCount "106"]
[EventDate "2016.08.20"]

1. e4 Nf6 2. Nc3 d5 3. e5 Nfd7 4. d4 e6 5. f4 c5 6. Nf3 Nc6 7. Be3 Qb6 8. Na4
Qa5+ 9. c3 cxd4 10. b4 Qc7 11. Nxd4 a6 12. a3 b5 13. Nb2 Nb6 14. Be2 Be7 15.
O-O O-O 16. Qe1 f6 17. exf6 Bxf6 18. Qf2 Nc4 19. Nxc4 Nxd4 20. Bxd4 dxc4 21.
Bxf6 Rxf6 22. Qd4 Bb7 23. Rad1 Raf8 24. g3 Bd5 25. Bg4 Qc6 26. Rfe1 Bh1 27. Rd2
Bf3 28. Bxf3 Qxf3 29. Re3 Qg4 30. Rf2 g5 31. Ref3 gxf4 32. Kh1 Qh5 33. gxf4 e5
34. Qd5+ Kh8 35. Rg3 Rg6 36. Rfg2 Re8 37. Rg5 Rxg5 38. Rxg5 Qh4 39. Rxe5 Rd8
40. Qf3 Rd3 41. Qa8+ Rd8 42. Qf3 Rd3 43. Qa8+ Rd8 44. Re8+ Rxe8 45. Qxe8+ Kg7
46. Qe5+ Kf7 47. Qf5+ Ke8 48. Qe6+ Kf8 49. Qd6+ Kf7 50. Qd7+ Kf8 51. Qc8+ Ke7
52. Qc5+ Kf7 53. Qe3 Qg4 1/2-1/2